| 000 | 00717nam a2200241 a 4500 | ||
|---|---|---|---|
| 005 | 20210219153518.0 | ||
| 008 | 991125n 000 0 u | ||
| 035 | _aUPN01000104464 | ||
| 100 | _aEasterday, Kenneth E. | ||
| 222 | _aSCHOOL SCIENCE AND MATHEMATICS | ||
| 245 | _aUsing Environmental issues to integrate science and mathematics | ||
| 300 | _a234-236 | ||
| 362 | _a93, No. 5, 1993 | ||
| 505 | _aSeptiembre 1993 | ||
| 653 | 0 | _aACERCAMIENTO INTERDISCIPLINARIO | |
| 653 | 0 | _aACTIVIDADES INTEGRALES | |
| 653 | 0 | _aAPLICACION DE LAS MATEMATICAS | |
| 653 | 0 | _aENSE\197ANZA MATEMATICA | |
| 653 | 0 | _aINSTRUCCION CIENTIFICA | |
| 700 | _aBass, Daniel T. | ||
| 904 |
_aAC _b042275 |
||
| 905 | _aArticulo | ||
| 999 |
_c78902 _d78902 |
||